[Event "Morava-ch U14"]
[Site "Havirov"]
[Date "2008.10.29"]
[Round "9"]
[White "Medvec, Tomas"]
[Black "Karlik, Ondrej"]
[Result "1/2-1/2"]
[WhiteElo "1313"]
[BlackElo "1905"]
[PlyCount "82"]
[EventDate "2008.10.25"]
[EventType "swiss"]
[EventRounds "9"]
[EventCountry "CZE"]
[SourceTitle "EXT 2009"]
[Source "ChessBase"]
[SourceDate "2008.11.26"]
[SourceVersion "1"]
[SourceVersionDate "2008.11.26"]
[SourceQuality "1"]

1. e4 c6 2. d4 d5 3. Nc3 dxe4 4. Nxe4 Bf5 5. Nc3 Nf6 6. Nf3 e6 7. Bg5 Nbd7 8. Bc4 Qc7 9. Qe2 0-0-0 10. 0-0-0 Bd6 11. Kb1 h6 12. Bh4 Rde8 13. Bg3 Bxg3 14. fxg3 Nb6 15. Ne5 Nxc4 16. Qxc4 Nd5 17. Nxd5 exd5 18. Qf1 Be6 19. Qf2 f6 20. Ng6 Rhg8 21. h3 Bf7 22. Nh4 Re4 23. Rhe1 Rge8 24. Rxe4 Rxe4 25. Re1 Rxe1+ 26. Qxe1 Qd7 27. a3 Be6 28. Ng6 Bf5 29. Nf4 Be4 30. Qf2 Qf7 31. g4 a6 32. g3 Qd7 33. Ka2 Qf7 34. Qe2 f5 35. c3 g5 36. Nh5 fxg4 37. Qxg4+ Qf5 38. Qxf5+ Bxf5 39. h4 gxh4 40. gxh4 Kd7 41. Kb3 Bg4 1/2-1/2

[Event "Morava-ch U14"]
[Site "Havirov"]
[Date "2008.10.27"]
[Round "6"]
[White "Medvec, Tomas"]
[Black "Dobes, Vojtech"]
[Result "0-1"]
[WhiteElo "1313"]
[BlackElo "1848"]
[PlyCount "28"]
[EventDate "2008.10.25"]
[EventType "swiss"]
[EventRounds "9"]
[EventCountry "CZE"]
[SourceTitle "EXT 2009"]
[Source "ChessBase"]
[SourceDate "2008.11.26"]
[SourceVersion "1"]
[SourceVersionDate "2008.11.26"]
[SourceQuality "1"]

1. e4 c5 2. Nf3 e6 3. d4 cxd4 4. Nxd4 a6 5. Nc3 Qc7 6. Bd3 Nf6 7. f4 b5 8. e5 b4 9. Nce2 Nd5 10. Be4 Bb7 11. 0-0 d6 12. Nf3 Nd7 13. Qd4 dxe5 14. fxe5 Bc5 0-1

[Event "Morava-ch U14"]
[Site "Havirov"]
[Date "2008.10.26"]
[Round "4"]
[White "Marek, Matyas"]
[Black "Medvec, Tomas"]
[Result "1/2-1/2"]
[WhiteElo "1752"]
[BlackElo "1313"]
[PlyCount "111"]
[EventDate "2008.10.25"]
[EventType "swiss"]
[EventRounds "9"]
[EventCountry "CZE"]
[SourceTitle "EXT 2009"]
[Source "ChessBase"]
[SourceDate "2008.11.26"]
[SourceVersion "1"]
[SourceVersionDate "2008.11.26"]
[SourceQuality "1"]

1. d4 d5 2. c4 c6 3. Nc3 Nf6 4. Nf3 e6 5. e3 Nbd7 6. Be2 Be7 7. 0-0 0-0 8. Bd2 Qc7 9. Rc1 c5 10. cxd5 exd5 11. Nb5 Qb6 12. dxc5 Nxc5 13. b4 Nce4 14. a4 Nxd2 15. Qxd2 Bd7 16. a5 Qd8 17. Ne5 Bxb5 18. Bxb5 a6 19. Ba4 b5 20. axb6 Qxb6 21. Rc6 Qxb4 22. Qxb4 Bxb4 23. Rb1 a5 24. Nd3 Rab8 25. Nxb4 axb4 26. h3 Rfd8 27. Rc2 d4 28. Rcb2 d3 29. Rxb4 Rxb4 30. Rxb4 d2 31. Rb1 Ne4 32. Bd1 g6 33. f3 Nc3 34. Ra1 Re8 35. Kf2 f5 36. g3 g5 37. Bc2 Rd8 38. Bd1 Re8 39. h4 f4 40. gxf4 gxf4 41. e4 Kg7 42. Bc2 Rd8 43. Bd1 Kg6 44. Kg2 Kh5 45. Kh3 Rg8 46. Ra5+ Kh6 47. Ra6+ Rg6 48. Rxg6+ hxg6 49. Bc2 g5 50. Kg4 gxh4 51. Kxh4 Ne2 52. Kg4 Kg6 53. Bd1 Nc3 54. Bc2 Ne2 55. Ba4 Kf6 56. Bd1 1/2-1/2